Freedom's battle (Record no. 29016)

MARC details
000 -LEADER
fixed length control field 00469nam a22001817a 4500
003 - CONTROL NUMBER IDENTIFIER
control field OSt
005 - DATE AND TIME OF LATEST TRANSACTION
control field 20260121114227.0
008 - FIXED-LENGTH DATA ELEMENTS--GENERAL INFORMATION
fixed length control field 260121b |||||||| |||| 00| 0 eng d
020 ## - INTERNATIONAL STANDARD BOOK NUMBER
International Standard Book Number 9789370973329
082 ## - DEWEY DECIMAL CLASSIFICATION NUMBER
Classification number 954.035
Item number G15F
100 ## - MAIN ENTRY--PERSONAL NAME
Personal name Gandhi, Mahatma
245 ## - TITLE STATEMENT
Title Freedom's battle
Statement of responsibility, etc By Mahatma Gandhi
260 ## - PUBLICATION, DISTRIBUTION, ETC. (IMPRINT)
Place of publication, distribution, etc Delhi
Name of publisher, distributor, etc Gyan publishing house
Date of publication, distribution, etc 2025
300 ## - PHYSICAL DESCRIPTION
Extent v, 341p.
Other physical details PB
653 ## - INDEX TERM--UNCONTROLLED
Uncontrolled term General Collection
653 ## - INDEX TERM--UNCONTROLLED
Uncontrolled term Mahatma gandhi
942 ## - ADDED ENTRY ELEMENTS (KOHA)
Source of classification or shelving scheme Dewey Decimal Classification
Koha item type Books
Holdings
Withdrawn status Lost status Source of classification or shelving scheme Damaged status Not for loan Collection code Home library Current library Department Date acquired Cost, normal purchase price Total Checkouts Full call number Barcode Date last seen Price effective from Koha item type
    Dewey Decimal Classification     General Text Book Central University Of Rajasthan Central University Of Rajasthan Central Library(Central Budget) 21/01/2026 725.00   954.035 G15F 047678 21/01/2026 21/01/2026 Books
    Dewey Decimal Classification     General Text Book Central University Of Rajasthan Central University Of Rajasthan Central Library(Central Budget) 21/01/2026 725.00   954.035 G15F 047679 21/01/2026 21/01/2026 Books